000 00732nam a22001817a 4500
999 _c371466
_d371466
008 201127b ||||| |||| 00| 0 eng d
040 _aDE-2950
_bger
_cDE-2950
_erda
041 _ager
245 _aDie Doppelstadt zeigt Flagge.
_bDemonstrationen: Hunderte haben am Donnerstag in Frankfurt und Slubice bei zwei Kundgebungen ihre Solidarität mit der Ukraine bekundet /
_cJacqueline westermann
264 _c2022
653 _aFrankfurt (Oder) / Slubice
653 _aFriedenskundgebung
773 _dFrankfurt (Oder) Märkisches Verlags- und Druckhaus GmbH & Co KG
_tMärkische Oderzeitung
_g33. Jahrgang (2022) Nr. 47 vom 25.02.2022, S. 13
942 _cA